Em qual time brasileiro esses estrangeiros jogaram? - Statistics

Estatísticas Gerais
  • Esse quiz foi jogado 127 vezes
  • A pontuação média é 27 de 30
Estatísticas das Respostas
Jogador País Time % Correto
Nicolás Lodeiro Uruguai Botafogo
99%
Keisuke Honda Japão Botafogo
99%
Solomon Kalou Costa do Marfim Botafogo
99%
Clarence Seedorf Holanda Botafogo
99%
Javier Mascherano Argentina Corinthians
99%
Carlos Tevez Argentina Corinthians
99%
Fabián Balbuena Paraguai Corinthians
99%
Yerry Mina Colombia Palmeiras
99%
Alejandro Guerra Venezuela Palmeiras
99%
Jorge Valdivia Chile Palmeiras
99%
Diego Lugano Uruguai São Paulo
99%
Juanfran Espanha São Paulo
99%
Pablo Marí Espanha Flamengo
98%
Dejan Petkovic Sérvia Flamengo
98%
Darío Conca Argentina Fluminense
97%
Jesús Datolo Argentina Atlético Mineiro
96%
Lucas Pratto Argentina Atlético Mineiro
96%
Marcelo Moreno Bolívia Cruzeiro
95%
Juan Pablo Sorín Argentina Cruzeiro
95%
Charles Aránguiz Chile Internacional
94%
Pablo Guiñazu Argentina Internacional
94%
Diego Forlan Uruguai Internacional
94%
Jonathan Copete Colombia Santos
93%
Ezequiel Barcos Argentina Grêmio
92%
Colin Kazim Turquia Coritiba
72%
Geraldo Angola Coritiba
72%
Martín Silva Uruguai Vasco da Gama
66%
Freddy Adu Estados Unidos Bahia
64%
Joel Camarões Avaí
47%
Antony Silva Paraguai Marília
10%
Nenhum quiz correspondente encontrado
Distribuição das Pontuações
Porcentagem de Pessoas com Cada Pontuação
Percentil de Números Respondidos
Sua Pontuação Histórica
Você não jogou esse quiz